Statistics for Para Birimlerine Göre Ülkeler

Click here to take the quiz!

General Stats

  • This quiz has been taken 15 times
  • The average score is 7 of 15

Answer Stats

Hint Answer % Correct
LiraTürkiye
100%
Yeni ŞekelIsrail
67%
LeoneSierra Leone
67%
HryvniaUkrayna
58%
‎TögrögMoğolistan
58%
TengesiKazakistan
58%
LariGürcistan
58%
BahtTayland
50%
NgultrumButan
33%
GourdeHaiti
33%
RupiahıEndonezya
25%
SolPeru
25%
KorunasıÇek Cumhuriyeti
25%
PulaBotsvana
25%
BakırVietnam
17%

Score Distribution

Percentile by Number Answered

Percent of People with Each Score

Your Score History

You have not taken this quiz